000 00796nam a2200229 a 4500
001 000018863
005 20200929165855.0
008 100519s1976 xxu 000 0 spa d
040 _aDO-SdBNP
_bspa
_cBNPHU
082 _a220.15
_bS745p
100 1 _aSpencer Lewis, H.,
_q(Harvey)
_d1883-1939
_940633
245 1 3 _aLa profecía simbólica de la gran pirámide /
_cH. Spencer Lewis .
250 _a2a ed.
260 _aSan José, California :
_bGran Logia Suprema de AMORC,
_c1976.
300 _a166, [12] p. :
_bil. ;
_c20 cm.
490 0 _aBiblioteca Rosacruz
500 _aTraducción de la XII edición inglesa.
500 _aTraduccida de la XII edición inglesa
650 4 _aProfecía (cristianismo)
_940634
650 4 _aDones espirituales
_97138
830 0 _aBiblioteca Rosacruz
_940635
999 _c18382
_d18382